Statistics for Hong Kong KMB Bus Route Extreme 香港九巴路線

Click here to take the quiz!

General Stats

  • This quiz has been taken 399 times
    (353 since last reset)
  • The average score is 179 of 293

Answer Stats

Answer% Correct
1
100%
2
100%
6
98%
5
97%
9
97%
1A
96%
7
96%
8
96%
10
94%
2A
93%
11
92%
12
92%
27
91%
28
91%
21
90%
15
89%
16
89%
18
89%
23
89%
26
89%
14
88%
17
88%
24
88%
2B
88%
30
87%
34
86%
2D
85%
2E
85%
36
85%
2F
84%
31
84%
32
84%
41
84%
42
84%
44
84%
46
84%
2X
83%
37
83%
45
83%
53
83%
5A
83%
68
83%
43
82%
40
81%
51
81%
81
81%
38
80%
5C
80%
72
80%
3C
79%
54
79%
6C
79%
73
79%
89
79%
3B
78%
80
78%
86
78%
3D
77%
5D
77%
88
77%
92
77%
6D
76%
8A
76%
91
76%
99
76%
12A
75%
7B
75%
85
75%
11B
74%
11C
74%
11D
74%
14X
74%
94
74%
15A
73%
3M
73%
8P
73%
11X
72%
14B
72%
47X
72%
6F
72%
30X
71%
42A
71%
95
71%
13X
70%
5M
70%
13M
69%
16M
69%
48X
69%
74X
69%
7M
69%
11K
68%
23M
68%
31B
68%
41A
68%
42C
68%
46X
68%
49X
68%
13D
67%
26M
67%
29M
67%
44M
67%
59X
67%
60X
67%
58X
66%
61X
66%
31M
65%
32M
65%
33A
65%
34M
65%
36M
65%
37M
65%
40X
65%
41M
65%
42M
65%
43A
65%
43B
65%
43M
65%
43X
65%
47A
65%
52X
65%
61M
65%
68X
65%
14H
64%
35A
64%
36A
64%
36B
64%
39M
64%
59M
64%
60M
64%
64K
64%
67X
64%
69X
64%
72X
64%
73X
64%
77K
64%
38A
63%
39A
63%
58M
63%
63X
63%
68A
63%
76K
63%
28B
62%
66X
62%
68M
62%
74A
62%
75X
62%
78K
62%
79K
62%
85X
62%
89D
62%
91M
62%
67M
61%
68E
61%
72A
61%
73A
61%
81C
61%
86A
61%
32H
60%
69M
60%
71A
60%
75K
60%
80X
60%
81K
60%
85A
60%
85B
60%
89B
60%
89C
60%
66M
59%
71B
59%
74D
59%
74K
59%
80M
59%
57M
58%
68F
58%
80K
58%
82X
58%
85K
58%
86C
58%
89X
58%
71K
57%
87D
57%
88K
57%
88X
57%
108
56%
70K
56%
82K
56%
83X
56%
84M
56%
86K
56%
93K
56%
290
55%
73K
55%
87K
55%
83K
54%
98C
54%
270
53%
290A
53%
85M
53%
87B
53%
271
52%
95M
52%
282
51%
82B
51%
93A
51%
968
51%
98A
51%
202
50%
208
50%
214
50%
283
50%
284
50%
960
50%
98D
50%
211
49%
273
49%
290X
49%
961
49%
280X
48%
299X
48%
268X
47%
285
47%
297
47%
89S
47%
203C
46%
270A
46%
277X
46%
288
46%
215X
45%
263
45%
276
45%
213M
44%
252
44%
268C
44%
278X
44%
279X
44%
287X
44%
213X
43%
235
43%
260X
43%
261
43%
269C
43%
296D
43%
216M
42%
296C
42%
978
42%
203E
41%
269D
41%
270B
41%
276A
41%
277E
41%
281A
41%
286X
41%
296A
41%
234X
40%
259D
40%
276B
40%
296M
40%
258D
39%
268M
39%
269M
39%
276P
39%
265B
38%
269B
38%
273A
38%
213D
37%
265M
37%
272A
37%
281M
37%
235M
36%
249M
36%
286M
36%
298E
36%
673
36%
219X
35%
248M
35%
249X
35%
251A
35%
272K
35%
278K
35%
289K
35%
603
35%
238X
34%
273B
34%
243M
33%
613
33%
234A
32%
234B
32%
251B
32%
238M
31%
273D
31%
B1
31%
W2
31%
W3
31%

Score Distribution

Percentile by Number Answered

Percent of People with Each Score

Your Score History

You have not taken this quiz since the last reset